Statistiques concernant Les 10 meilleurs buteurs en 2019.

Cliquez ici pour prendre le quiz!

Statistiques générales

  • Ce quiz a été pris 194 fois
  • Le résultat moyen est 9 sur 10

Statistiques - réponses

ButsJoueursClubs% Correct
44Kylian MbappePSG
100%
50Lionel MessiBarca
100%
36Harry KaneTottenham
99%
39Cristiano RonaldoJuve
97%
54Robert LewandowskiBayern
97%
35Karim BenzemaReal
96%
35Sadio ManeLiverpool
92%
36Sergio AgueroMan City
88%
43Raheem SterlingMan City
56%
36Raul JimenezWolves
36%

Distribution des résultats

Percentile par nombre de réponses

% des personnes avec chaque résultat

Votre développement - résultats

Vous n’avez pas pris ce quiz